000 00417nam a2200145Ia 4500
003 OSt
005 20260129163944.0
008 211028s2018 xx 000 0 und d
040 _cAIMIT LIBRARY
041 _aeng
100 _aPreetham C V; Baretto, Royce.
_g1616145
_97899
245 _aStudy on employee satisfaction at coffee day global limited /
260 _aMangalore
_bVasantha Naik.
_c2018
942 _2ddc
_cPRO
999 _c219467
_d219467